|
|
|
|
| LEADER |
02547nam a2200613 a 4500 |
| 001 |
nkc20132467220 |
| 003 |
CZ PrNK |
| 005 |
20140115143239.0 |
| 007 |
ta |
| 008 |
130617s2013 xr ab f m 000 0 cze |
| 015 |
|
|
|a cnb002467220
|
| 020 |
|
|
|a 978-80-01-05250-1
|q (brož.)
|
| 035 |
|
|
|a (OCoLC)857952318
|
| 040 |
|
|
|a BOA001
|b cze
|d ABA001
|
| 041 |
0 |
|
|a cze
|b eng
|
| 072 |
|
7 |
|a 656
|x Doprava
|2 Konspekt
|9 4
|
| 080 |
|
|
|a 656(100)
|2 MRF
|
| 080 |
|
|
|a 656.073.235
|2 MRF
|
| 080 |
|
|
|a 656.025.4.022.9
|2 MRF
|
| 080 |
|
|
|a 005.932+656.025.4
|2 MRF
|
| 080 |
|
|
|a 656.022.8
|2 MRF
|
| 080 |
|
|
|a 656.022.81
|2 MRF
|
| 080 |
|
|
|a (043.5:042.3)
|2 MRF
|
| 100 |
1 |
|
|a Nováková, Helena
|7 jx20071109038
|4 aut
|
| 245 |
1 |
0 |
|a Model výběru dopravních módů z logistických center v ČR do námořních přístavů =
|b Model of the transportation modes selection from the logistic centre in the Czech Republic to the maritime ports /
|c Helena Nováková
|
| 246 |
3 |
1 |
|a Model of the transportation modes selection from the logistic centre in the Czech Republic to the maritime ports
|
| 260 |
|
|
|a V Praze :
|b České vysoké učení technické,
|c 2013
|
| 300 |
|
|
|a 35 s. :
|b il. (převážně barev.), mapy ;
|c 21 cm
|
| 490 |
1 |
|
|a Habilitační přednášky ;
|v 8/2013
|
| 500 |
|
|
|a Nad názvem: České vysoké učení technické v Praze, Fakulta dopravní
|
| 500 |
|
|
|a 84 výt.
|
| 504 |
|
|
|a Obsahuje bibliografii
|
| 546 |
|
|
|a Anglické resumé
|
| 650 |
0 |
7 |
|a mezinárodní přeprava
|7 ph115286
|2 czenas
|
| 650 |
0 |
7 |
|a kontejnerová přeprava
|7 ph455196
|2 czenas
|
| 650 |
0 |
7 |
|a dopravní logistika
|7 ph436695
|2 czenas
|
| 650 |
0 |
7 |
|a logistická centra
|7 ph744277
|2 czenas
|
| 650 |
0 |
7 |
|a dopravní sítě
|7 ph119576
|2 czenas
|
| 650 |
0 |
7 |
|a dopravní koridory
|7 ph172878
|2 czenas
|
| 650 |
0 |
9 |
|a international transportation
|2 eczenas
|
| 650 |
0 |
9 |
|a container transportation
|2 eczenas
|
| 650 |
0 |
9 |
|a transportation logistics
|2 eczenas
|
| 650 |
0 |
9 |
|a logistics centers
|2 eczenas
|
| 650 |
0 |
9 |
|a transportation networks
|2 eczenas
|
| 650 |
0 |
9 |
|a transit corridors
|2 eczenas
|
| 655 |
|
7 |
|a habilitační přednášky
|7 fd187328
|2 czenas
|
| 655 |
|
9 |
|a habilitation lectures
|2 eczenas
|
| 710 |
2 |
|
|a České vysoké učení technické v Praze.
|b Dopravní fakulta
|7 kn20010710174
|
| 810 |
2 |
|
|a České vysoké učení technické v Praze.
|t Habilitační přednášky
|0 s
|
| 910 |
2 |
|
|a BOA001
|b 2-1306.763
|
| 990 |
|
|
|a BK
|
| 995 |
|
|
|a 01
|
| 991 |
|
|
|b 201307
|c NOV
|e n
|
| 996 |
6 |
|
|b 2610553238
|c 2-1306.763
|l MZK
|r Sklad / do 1 hodiny
|n 1
|p p.v.
|w 001337124
|u 000010
|a 1
|e BOA001
|j MZK50
|s P
|